[Event "CZE-ch Juniors op-B"]
[Site "Kouty nad Desnou"]
[Date "2009.03.14"]
[Round "9"]
[White "Bar, Ondrej"]
[Black "Stransky, Vojtech"]
[Result "1/2-1/2"]
[WhiteElo "1486"]
[BlackElo "1527"]
[PlyCount "39"]
[EventDate "2009.03.07"]
[EventType "swiss"]
[EventRounds "9"]
[EventCountry "CZE"]
[SourceTitle "EXT 2011"]
[Source "ChessBase"]
[SourceDate "2010.11.26"]
[SourceVersion "1"]
[SourceVersionDate "2010.11.26"]
[SourceQuality "1"]

1. e4 Nf6 2. e5 Nd5 3. d4 d6 4. Nf3 Bg4 5. Bc4 e6 6. exd6 Bxd6 7. 0-0 Nb6 8. Bb3 0-0 9. c3 Qf6 10. Nbd2 N8d7 11. Ne4 Qf5 12. Bc2 Bxf3 13. gxf3 Qh5 14. Ng3 Qh3 15. Kh1 Nf6 16. Rg1 Nbd5 17. Bg5 Nh5 18. Bd3 Nxg3+ 19. fxg3 Qh5 20. Bd2 1/2-1/2

[Event "Morava-ch U16"]
[Site "Havirov"]
[Date "2008.10.27"]
[Round "6"]
[White "Phamova, Xuan Mai"]
[Black "Bar, Ondrej"]
[Result "1-0"]
[WhiteElo "1794"]
[BlackElo "1494"]
[PlyCount "41"]
[EventDate "2008.10.25"]
[EventType "swiss"]
[EventRounds "9"]
[EventCountry "CZE"]
[SourceTitle "EXT 2009"]
[Source "ChessBase"]
[SourceDate "2008.11.26"]
[SourceVersion "1"]
[SourceVersionDate "2008.11.26"]
[SourceQuality "1"]

1. e4 c5 2. Nc3 Nc6 3. g3 e6 4. Bg2 Nf6 5. f4 d5 6. e5 Nd7 7. Nf3 f6 8. d4 cxd4 9. Nxd4 Nxd4 10. Qxd4 Bc5 11. Qd1 fxe5 12. Qh5+ g6 13. Qe2 e4 14. Bh3 Nb6 15. Qb5+ Nd7 16. Bxe6 a6 17. Bxd7+ Bxd7 18. Qxc5 Be6 19. Be3 Rc8 20. Qb6 0-0 21. Qxe6+ 1-0